India's population : (Record no. 35644)
[ view plain ]
| 000 -LEADER | |
|---|---|
| fixed length control field | 00946cam a22002891 4500 |
| 001 - CONTROL NUMBER | |
| control field | 35644 |
| 003 - CONTROL NUMBER IDENTIFIER | |
| rucl marc code | BD-RjUL |
| 005 - DATE AND TIME OF LATEST TRANSACTION | |
| control field | 20211209052346.0 |
| 008 - FIXED-LENGTH DATA ELEMENTS--GENERAL INFORMATION | |
| fixed length control field | 140528r19701967ii b 001 0 eng |
| 035 ## - SYSTEM CONTROL NUMBER | |
| System control number | (BD-RjUL)35739 |
| System control number | (OCoLC)4699202 |
| 040 ## - CATALOGING SOURCE | |
| Original cataloging agency | DLC |
| Transcribing agency | OCl |
| Modifying agency | OCoLC |
| -- | OrPS |
| -- | DLC |
| -- | BD-RjUL |
| Language of cataloging | eng |
| 041 ## - LANGUAGE CODE | |
| Language code of text/sound track or separate title | eng |
| 082 ## - DEWEY DECIMAL CLASSIFICATION NUMBER | |
| Classification number | 363.96054 |
| Author mark and year | CHI 1970 |
| 100 1# - MAIN ENTRY--PERSONAL NAME | |
| Personal name | Chandrasekhar, S. |
| Fuller form of name | (Sripati), |
| Dates associated with a name | 1918-2001. |
| 9 (RLIN) | 12083 |
| 245 10 - TITLE STATEMENT | |
| Title | India's population : |
| Remainder of title | facts, problem and policy / |
| Statement of responsibility, etc. | S. Chandrasekhar. |
| 260 ## - PUBLICATION, DISTRIBUTION, ETC. (IMPRINT) | |
| Place of publication, distribution, etc. | Meerut : |
| Name of publisher, distributor, etc. | Meenakshi Prakashan, |
| Date of publication, distribution, etc. | c1967 [Reprint 1970]. |
| 300 ## - PHYSICAL DESCRIPTION | |
| Pagination | 91 p.; |
| Size | 19 cm. |
| 500 ## - GENERAL NOTE | |
| General note | Lecture delivered at the Centre for Population Studies, Harvard University, Feb. 1966. |
| 504 ## - BIBLIOGRAPHY, ETC. NOTE | |
| Bibliography, etc | Bibliography: p. 74-75. |
| Bibliography, etc | Includes Index. |
| 650 #0 - SUBJECT ADDED ENTRY--TOPICAL TERM | |
| Topical term or geographic name as entry element | Birth control |
| Geographic subdivision | India. |
| 9 (RLIN) | 108531 |
| 651 #0 - SUBJECT ADDED ENTRY--GEOGRAPHIC NAME | |
| Geographic name | India |
| General subdivision | Population. |
| 9 (RLIN) | 108532 |
| 942 ## - ADDED ENTRY ELEMENTS (KOHA) | |
| Source of classification or shelving scheme | Dewey Decimal Classification |
| Koha item type | Books |
| Lost status | Source of classification or shelving scheme | Damaged status | Not for loan | Collection code | Permanent Location | Current Location | Shelving location | Date acquired | Source of acquisition | Cost, normal purchase price | Total Checkouts | Full call number | Date last seen | Copy number | Koha item type |
|---|---|---|---|---|---|---|---|---|---|---|---|---|---|---|---|
| Dewey Decimal Classification | Not For Loan | Non-fiction | Central Library, University of Rajshahi | Central Library, University of Rajshahi | Reading Room | 04/07/1974 | India Govt., Gift. | 0.00 | 363.96054 CHI 1970 | 28/05/2014 | C-1 | Books |